台湾史上最有梗的台湾史 (Record no. 67414)

000 -LEADER
fixed length control field 00514nam a22001937a 4500
003 - CONTROL NUMBER IDENTIFIER
control field MPLRDC
005 - DATE AND TIME OF LATEST TRANSACTION
control field 20220104201952.0
008 - FIXED-LENGTH DATA ELEMENTS--GENERAL INFORMATION
fixed length control field 210129b ||||| |||| 00| 0 eng d
020 ## - INTERNATIONAL STANDARD BOOK NUMBER
International Standard Book Number 978-986-137-224-2
082 ## - DEWEY DECIMAL CLASSIFICATION NUMBER
Classification number 677.2 HZN
100 ## - MAIN ENTRY--PERSONAL NAME
Personal name 黄震南
245 ## - TITLE STATEMENT
Title 台湾史上最有梗的台湾史
Statement of responsibility, etc. 壮兔 绘
250 ## - EDITION STATEMENT
Edition statement 初版17刷
260 ## - PUBLICATION, DISTRIBUTION, ETC.
Place of publication, distribution, etc. 台湾
Name of publisher, distributor, etc. 究竟出版社股份有限公司
Date of publication, distribution, etc. 2016
300 ## - PHYSICAL DESCRIPTION
Other physical details
520 ## - SUMMARY, ETC.
Summary, etc. 上架 2017-10-16。
650 ## - SUBJECT ADDED ENTRY--TOPICAL TERM
Topical term or geographic name entry element 台湾历史
942 ## - ADDED ENTRY ELEMENTS (KOHA)
Koha item type Book
-- 677.2 HZN
Holdings
Withdrawn status Lost status Source of classification or shelving scheme Damaged status Not for loan Collection code Home library Current library Shelving location Date acquired Cost, normal purchase price Total Checkouts Full call number Barcode Date last seen Date last checked out Price effective from Koha item type Public note
            Malaysian Public Library, Research and Development Centre Malaysian Public Library, Research and Development Centre   17/08/2017 43.80   677.2 HZN 00060803 18/03/2021 23/12/2018 18/03/2021 Book mplrdc

© 2022. Malaysian Public Library, Research and Development Centre. All Right ReservedE-mailmplrdc@help.edu.my 

Powered by Koha